Calculated risk. (Record no. 551828)

000 -LEADER
fixed length control field 00386cam a2200145u 4500
082 ## - DEWEY DECIMAL CLASSIFICATION NUMBER
Classification number 940.5477961
Author Mark CLA
-- 30,P-167
100 1# - MAIN ENTRY--PERSONAL NAME
Personal name Clark, Mark W.
9 (RLIN) 48986
245 00 - TITLE STATEMENT
Title Calculated risk.
Statement of responsibility, etc. General Mark Clark
250 ## - EDITION STATEMENT
Edition statement [1st ed.]
260 ## - PUBLICATION, DISTRIBUTION, ETC.
Place of publication, distribution, etc. London
Name of publisher, distributor, etc. Harper
Date of publication, distribution, etc. [1950]
300 ## - PHYSICAL DESCRIPTION
Extent 478 p.:
Dimensions 22 cm.
526 ## - STUDY PROGRAM INFORMATION NOTE
Program name 0
Interest level 0
Reading level 0
Title point value 940_547796100000000_CLA
650 ## - SUBJECT ADDED ENTRY--TOPICAL TERM
Topical term or geographic name entry element MCE
9 (RLIN) 379
942 ## - ADDED ENTRY ELEMENTS (KOHA)
Source of classification or shelving scheme
Koha item type Book
Holdings
Withdrawn status Lost status Source of classification or shelving scheme Damaged status Not for loan Permanent Location Current Location Date acquired Total Checkouts Full call number Barcode Date last seen Price effective from Koha item type
          Military College of Engineering (MCE) Military College of Engineering (MCE) 12/30/2014   940.5477961 CLA MCE-40512 12/30/2014 12/30/2014 Book
© 2023 Central Library, National University of Sciences and Technology. All Rights Reserved.